00549nam a22001577a 450000500170000000800410001708200080005824500250006626000380009130000160012931000120014550000430015765000150020070000180021527001580023320090116102359.0090113c xxu||||| |||| 00| 0 eng d a340 aCriminal law journal aNagpurbAll India Reporterc2008- av. c24 cm. amonthly aa criminal law journal started in 1904 aLawzIndia aManohar, V.R. aP.O. Box No. 209, Congress NagarbNagpurdIndiae440012k0712-2434321, 2425123l0712-2426283msalessupport@allindiareporter.inzwww.allindiarereporter.in